Comptez jusqu'à 20 en 5 langues. - Statistiques

Statistiques générales
  • Ce quiz a été pris 345 fois
  • Le résultat moyen est 68 sur 100
Statistiques - réponses
Nombre Français % Correct
5 cinq
100%
1 un
100%
2 deux
99%
4 quatre
99%
tre
99%
3 trois
99%
one
98%
6 six
98%
two
98%
10 dix
97%
five
97%
8 huit
97%
9 neuf
97%
11 onze
97%
sei
97%
7 sept
97%
seven
97%
three
97%
12 douze
96%
four
96%
nine
96%
ten
96%
eleven
95%
14 quatorze
95%
13 treize
95%
uno
95%
eight
94%
15 quinze
94%
18 dix-huit
93%
17 dix-sept
93%
dos
93%
16 seize
93%
tres
93%
twelve
93%
20 vingt
93%
19 dix-neuf
92%
fourteen
90%
seventeen
90%
sixteen
90%
eighteen
89%
nineteen
89%
fifteen
88%
thirteen
87%
twenty
87%
quattro
81%
cinco
79%
nueve
76%
ocho
76%
seis
76%
siete
74%
cuatro
68%
dieci
62%
diez
62%
doce
62%
drei
61%
once
60%
trece
59%
quince
58%
zwei
56%
due
55%
fünf
53%
eins
51%
otto
51%
sette
51%
catorce
50%
cinque
46%
diecinueve
46%
dieciocho
46%
diecisiete
46%
sieben
46%
veinte
46%
dieciséis
45%
vier
45%
neun
44%
acht
43%
nove
43%
sechs
39%
zehn
38%
elf
36%
dreizehn
34%
achtzehn
33%
fünfzehn
33%
neunzehn
33%
vierzehn
33%
Zwanzig
32%
zwölf
32%
sechzehn
31%
siebzehn
31%
tredici
26%
undici
26%
dodici
25%
venti
25%
quindici
21%
quattordici
20%
sedici
18%
diciassette
17%
diciotto
17%
diciannove
16%
Aucun quiz correspondant
Distribution des résultats
% des personnes avec chaque résultat
Percentile par nombre de réponses
Votre historique - résultats
Vous n’avez pas pris ce quiz